LEADER 00773nam a2200181 i 4500 001 000000258882 003 CaOOAMICUS 005 20240115100041.0 008 180618s1847 it u000 u ita u 013 $a237790 040 $aSeMil$bita 245 13$a2: Contenente la geometria, trigonometria e sezioni coniche. 300 $a355 p., VIII carte di tav. ripieg. :$bill. 773 0 $aGorini, Giovanni <1783-1825>$tElementi di matematica pura.$bEdizione seconda migliorata.$dMilano : Dall' Imperiale Regia Stamperia, 1847.$g2$w()11050 850 $aSeMil 852 $aSeMil$W1$xVenegono$y1$m3W IV 48 FA$j209227$B209227$CSeMilBibl$Z2$F222896 $8I 996 $6245$a2: Contenente la geometria, trigonometria e sezioni coniche$9(OLS)http://semarc/title/413763 LEADER 01320nam a2200301 i 4500 001 000000191357 003 CaOOAMICUS 005 20100727000000.0 008 100727s1980 fr u000 u fre u 013 $a169882 020 $a2-220-02269-2 040 $aSeMil$bita 100 0 $aTertullianus, Quintus Septimius Florens,$d.$0(OLS)http://semarc/name/1146 245 13$aLa résurrection des morts /$cTertullien ; texte traduit par Madeleine Moreau ; introduction, analyse, notes par Jean-Pierre Mahé. 260 $a[Bruges] :$bDesclée de Brouwer,$ccopyr. 1980. 300 $a160 p. ;$c20 cm. 490 0 $aLes Pères dans la foi 700 1 $aMahé, Jean-Pierre,$d<1944- >.$0(OLS)http://semarc/name/10101 700 1 $aMoreau, Madeleine,$d<1921-2011>.$0(OLS)http://semarc/name/30169 830 4$aLes Pères dans la foi.$0(OLS)http://semarc/title/30901 850 $aSeMil 852 $aSeMil$W1$xVenegono$y1$m2U III 54$j141971$B141971$CSeMilBibl$Z2$F153547 $81 900 0 $aTertulliano,$d. 961 $aOmaggio: Altro 996 $6020$a2-220-02269-2$9(OLS)http://semarc/number/182433 996 $6245$aLa résurrection des morts$9(OLS)http://semarc/title/275717 996 $6260$a[Bruges] :$bDesclée de Brouwer$9(OLS)http://semarc/publisher/40270